Statistiken für Länder mit wilden Pinguinen

Klicken Sie hier um das Quiz zu spielen!

Allgemein

  • Dieses Quiz wurde 7.645 mal gespielt
  • Das Durchschnittsergebnis liegt bei 9 aus 13

Antwortstatistiken

ArtenLand% Korrekt
10Chile
93%
7Argentinien
92%
11Australien
92%
7Neuseeland
91%
4Südafrika
90%
4Brasilien
74%
3Uruguay
64%
2Peru
63%
2Namibia
62%
2Ecuador
51%
1Mosambik
50%
1Angola
44%
5Falkland-Inseln (GB)
36%

Verteilung der Resultate

Perzentil nach korrekt beantworteten Fragen

Anzahl Personen mit jedem Resultat

Ihre Resultats-Entwicklung

Sie haben dieses Quiz noch nicht gespielt